Score 0/18 Timer 04:00
0 Plays Today
Scrambled Entry Correct Entry % Correct
CKPUPuck
93.6%
GIKN   AELRKing Lear
86.2%
AILOVViola
71.5%
Mystery Theme →Shakespearean Characters
67%
EMOORRomeo
65.5%
AEHLMTHamlet
60.6%
IJLSUU   AACERSJulius Caesar
57.9%
AGIOIago
55%
IMNOTTimon
42.3%
Scrambled Entry Correct Entry % Correct
ABCEHMTMacbeth
36.2%
AIOPRTPortia
26.8%
AAFFFLSTFalstaff
24.6%
AACELOPRTCleopatra
19.6%
AEEILNNTVValentine
17.3%
EOOPPRRSProspero
12.3%
AAIILNVLavinia
7.4%
CEHIOPRTUPetruchio
4.8%
ABCEEIRTBeatrice
3.4%
Remove Ads.
Support Sporcle.
Get the best of Sporcle when you Go Orange. This ad-free experience offers more features, more stats, and more fun while also helping to support Sporcle. Thank you for becoming a member.

You're not logged in!

Compare scores with friends on all Sporcle quizzes.
OR
Log In

Show Comments

Extras

Top Quizzes Today


Score Distribution

Your Account Isn't Verified!

In order to create a playlist on Sporcle, you need to verify the email address you used during registration. Go to your Sporcle Settings to finish the process.

Report this User

Report this user for behavior that violates our Community Guidelines.

Details: